[Event "Hilton Open 2012"]
[Site "Basel"]
[Date "2012.01.04"]
[Round "5"]
[White "Gass, Ulrich"]
[Black "Soulas, Gilles"]
[Result "0-1"]
[WhiteElo "2101"]
[BlackElo "2211"]
[PlyCount "52"]
[EventDate "2012.??.??"]
[EventRounds "7"]
[EventCountry "SUI"]
[SourceDate "2012.01.01"]

1. e4 e5 2. f4 Bc5 3. Nf3 d6 4. c3 Bb6 5. Bc4 Nf6 6. fxe5 dxe5 7. Nxe5 O-O 8.
d4 c5 9. O-O cxd4 10. Qb3 Nc6 11. Nxc6 bxc6 12. Bg5 dxc3+ 13. Kh1 cxb2 14. Qxb2
Bd4 15. Nc3 Qa5 16. Bxf6 Bxf6 17. Rxf6 gxf6 18. Nd5 cxd5 19. Bxd5 Be6 20. Bxa8
Rxa8 21. Qxf6 Qd2 22. h4 Rc8 23. Kh2 Rc2 24. Qf3 Qd4 25. Rd1 Qe5+ 26. Kh1 Rxa2
0-1

[Event "Hilton Open 2012"]
[Site "Basel"]
[Date "2012.01.04"]
[Round "5"]
[White "Dunn, Alan"]
[Black "Benoughidene, Ouaheb"]
[Result "1-0"]
[WhiteElo "2135"]
[BlackElo "1824"]
[PlyCount "147"]
[EventDate "2012.??.??"]
[EventRounds "7"]
[EventCountry "SUI"]
[SourceDate "2012.01.01"]

1. e4 c5 2. Nf3 d6 3. d4 Nf6 4. Nc3 cxd4 5. Nxd4 e6 6. Be3 Nc6 7. f4 Be7 8. Be2
O-O 9. Qd2 e5 10. Nxc6 bxc6 11. O-O Qc7 12. fxe5 dxe5 13. Kh1 Be6 14. Qe1 Ng4
15. Bg1 Bg5 16. Bxg4 Bxg4 17. Qg3 h5 18. h3 Bf4 19. Qh4 g5 20. Qf2 Be6 21. Bh2
Qb6 22. Bxf4 exf4 23. b3 Qb4 24. Qe1 Rad8 25. Na4 Qxe1 26. Raxe1 Rd2 27. Rc1 f5
28. Nc5 Bc8 29. Rfd1 Rfd8 30. Rxd2 Rxd2 31. Kg1 g4 32. hxg4 fxg4 33. a4 f3 34.
gxf3 gxf3 35. Nd3 Rg2+ 36. Kh1 Kh7 37. b4 Re2 38. e5 Bf5 39. Kg1 Rg2+ 40. Kf1
Bh3 41. Nf2 Be6 42. c4 h4 43. Rc3 Rg3 44. Ne4 Bh3+ 45. Kf2 Rg7 46. Rxf3 Bg2 47.
Rf4 h3 48. e6 h2 49. Rh4+ Kg6 50. Kxg2 Kf5+ 51. Ng3+ Kxe6 52. Kxh2 Rb7 53. b5
cxb5 54. cxb5 Kd5 55. Kg2 Rc7 56. Kf2 Rc4 57. Rh5+ Kd4 58. Ne2+ Kd3 59. a5 Rc2
60. Rh3+ Ke4 61. Rb3 Rc7 62. Ke1 Kd5 63. Kd2 Rb7 64. Kd3 Kc5 65. Nc3 Rd7+ 66.
Kc2 Rd4 67. Kb2 Rh4 68. Ka3 Rd4 69. Na4+ Kd6 70. b6 axb6 71. axb6 Kc6 72. b7
Rd1 73. b8=Q Rd3 74. Qb6+ 1-0

[Event "Hilton Open 2012"]
[Site "Basel"]
[Date "2012.01.04"]
[Round "5"]
[White "Terraz, Christian"]
[Black "Eidinger, Helmut"]
[Result "1/2-1/2"]
[WhiteElo "2130"]
[BlackElo "2104"]
[PlyCount "26"]
[EventDate "2012.??.??"]
[EventRounds "7"]
[EventCountry "SUI"]
[SourceDate "2012.01.01"]

1. c4 g6 2. Nc3 c5 3. g3 Bg7 4. Bg2 Nc6 5. d3 e5 6. e4 Nge7 7. Nge2 d6 8. Be3
O-O 9. Qd2 Nd4 10. h4 h5 11. Rf1 a6 12. Nd5 Nxd5 13. exd5 b5 1/2-1/2

[Event "Hilton Open 2012"]
[Site "Basel"]
[Date "2012.01.04"]
[Round "5"]
[White "Moos, Gerd"]
[Black "Klamp, Christoph"]
[Result "0-1"]
[WhiteElo "2016"]
[BlackElo "2106"]
[PlyCount "60"]
[EventDate "2012.??.??"]
[EventRounds "7"]
[EventCountry "SUI"]
[SourceDate "2012.01.01"]

1. e4 c5 2. c3 Nf6 3. e5 Nd5 4. d4 cxd4 5. cxd4 Nc6 6. Nf3 d6 7. Bc4 Nb6 8. Bb3
e6 9. O-O Be7 10. Nc3 Nb4 11. Qe2 O-O 12. a3 N4d5 13. Ne4 dxe5 14. dxe5 Bd7 15.
Rd1 Bc6 16. Bg5 Nd7 17. Bxe7 Qxe7 18. Bc2 Nf4 19. Qe3 Ng6 20. Rd4 Ngxe5 21.
Nxe5 Nxe5 22. Ng5 Ng6 23. Bxg6 fxg6 24. Re1 e5 25. Qb3+ Kh8 26. Qg3 Rae8 27.
Nxh7 Kxh7 28. Rh4+ Kg8 29. Qh3 Qe6 30. Rh8+ Kf7 0-1

[Event "Hilton Open 2012"]
[Site "Basel"]
[Date "2012.01.04"]
[Round "5"]
[White "Staechelin, Ruedi"]
[Black "Sperzel, Bernd"]
[Result "1-0"]
[WhiteElo "2079"]
[BlackElo "1983"]
[PlyCount "43"]
[EventDate "2012.??.??"]
[EventRounds "7"]
[EventCountry "SUI"]
[SourceDate "2012.01.01"]

1. e4 e6 2. d4 d5 3. Nc3 Nf6 4. Bg5 Bb4 5. e5 h6 6. Bd2 Nfd7 7. f4 Nb6 8. Nce2
Bxd2+ 9. Qxd2 Qe7 10. b3 Bd7 11. a4 c5 12. Nf3 a6 13. Qa5 Nc8 14. Qxc5 Qd8 15.
Ng3 b6 16. Qa3 Ne7 17. Bd3 Nbc6 18. O-O O-O 19. c3 f6 20. exf6 Rxf6 21. Ne5
Nxe5 22. fxe5 1-0

[Event "Hilton Open 2012"]
[Site "Basel"]
[Date "2012.01.04"]
[Round "5"]
[White "Roesch, Mario"]
[Black "Paul, Mathias"]
[Result "1-0"]
[WhiteElo "1975"]
[BlackElo "2073"]
[PlyCount "93"]
[EventDate "2012.??.??"]
[EventRounds "7"]
[EventCountry "SUI"]
[SourceDate "2012.01.01"]

1. e4 c5 2. Nf3 e6 3. Nc3 Nc6 4. Bb5 Nge7 5. d4 cxd4 6. Nxd4 Nxd4 7. Qxd4 a6 8.
Ba4 b5 9. Bb3 Nc6 10. Qd3 Qc7 11. O-O Bc5 12. Kh1 Bb7 13. Bg5 h6 14. Bh4 Ne5
15. Qe2 O-O 16. f4 Ng6 17. Bg3 f5 18. e5 Kh7 19. Rad1 Bc6 20. Nb1 Qb7 21. Nd2
Ne7 22. Nf3 Rac8 23. Bf2 Be4 24. c3 Ng6 25. Be3 Rc7 26. Rd2 Rfc8 27. Bxc5 Rxc5
28. Qe3 a5 29. a4 Bc6 30. Qxc5 bxa4 31. Qf2 axb3 32. Nd4 Bd5 33. Ra1 Ra8 34. h4
a4 35. h5 Ne7 36. Kh2 Nc8 37. Qh4 Nb6 38. g4 Nc4 39. Rd3 Be4 40. Rg3 Nxb2 41.
gxf5 Rg8 42. Rag1 d5 43. Nxe6 Nc4 44. Rxg7+ Rxg7 45. Rxg7+ Qxg7 46. Nxg7 Kxg7
47. Qe7+ 1-0

[Event "Hilton Open 2012"]
[Site "Basel"]
[Date "2012.01.04"]
[Round "5"]
[White "Suter, Stephan"]
[Black "Sevenyuk, Alexey"]
[Result "1-0"]
[WhiteElo "2032"]
[BlackElo "1916"]
[PlyCount "57"]
[EventDate "2012.??.??"]
[EventRounds "7"]
[EventCountry "SUI"]
[SourceDate "2012.01.01"]

1. Nf3 d5 2. c4 c6 3. cxd5 cxd5 4. d4 Nc6 5. Nc3 e6 6. Bf4 Bd6 7. Bxd6 Qxd6 8.
e3 a6 9. Rc1 Nf6 10. Bd3 O-O 11. O-O b5 12. Qe2 Rb8 13. a4 b4 14. Nb1 a5 15.
Nbd2 Bd7 16. Nb3 e5 17. Bb5 e4 18. Nfd2 Ng4 19. f4 Nf6 20. Bxc6 Bxc6 21. Qa6
Rfc8 22. Nxa5 Ra8 23. Rxc6 Qxc6 24. Qxc6 Rxc6 25. Nxc6 Rxa4 26. Nb3 Ra2 27. Ra1
Rxa1+ 28. Nxa1 Ng4 29. Ne7+ 1-0

[Event "Hilton Open 2012"]
[Site "Basel"]
[Date "2012.01.04"]
[Round "5"]
[White "Mueller, Louis"]
[Black "Spiess, Thomas"]
[Result "0-1"]
[WhiteElo "1828"]
[BlackElo "2002"]
[PlyCount "126"]
[EventDate "2012.??.??"]
[EventRounds "7"]
[EventCountry "SUI"]
[SourceDate "2012.01.01"]

1. e4 c5 2. f4 d5 3. e5 Nc6 4. Bb5 Bd7 5. Bxc6 Bxc6 6. e6 fxe6 7. Nf3 Qd6 8.
Ne5 Nh6 9. Qh5+ g6 10. Qg5 O-O-O 11. O-O Bg7 12. Nxc6 Qxc6 13. c3 Nf5 14. Qg4
h5 15. Qe2 Bf6 16. Na3 Kb8 17. Nc2 Rdg8 18. a4 h4 19. Qb5 c4 20. Qxc6 bxc6 21.
Re1 Kc7 22. a5 Kd7 23. Nb4 Nd6 24. d3 cxd3 25. Nxd3 Ne4 26. Be3 Ra8 27. a6 Rhb8
28. Re2 Rb5 29. Ne5+ Bxe5 30. fxe5 c5 31. h3 Kc6 32. Rc1 Ra5 33. c4 Rxa6 34. b3
Ng3 35. cxd5+ exd5 36. Rxc5+ Kd7 37. Rec2 Ra1+ 38. Bc1 Rxc1+ 39. Rxc1 Ne2+ 40.
Kf2 Nxc1 41. Rxc1 Rb8 42. Rc3 Ke6 43. Rc6+ Kf5 44. Rc7 e6 45. Rxa7 Rxb3 46. Rg7
Rg3 47. Rf7+ Kxe5 48. Rh7 g5 49. Rf7 Ke4 50. Rf6 e5 51. Rf7 d4 52. Ra7 Rb3 53.
Ra2 Rc3 54. Re2+ Kf4 55. Rd2 d3 56. Kf1 Rc1+ 57. Kf2 Rc2 58. Ke1 Ke3 59. Rd1
d2+ 60. Kf1 Rc1 61. g4 Kf3 62. Kg1 Rxd1+ 63. Kh2 Rh1+ 0-1

[Event "Hilton Open 2012"]
[Site "Basel"]
[Date "2012.01.04"]
[Round "5"]
[White "Goettelmann, Guillaume"]
[Black "Toth, Ilona"]
[Result "1/2-1/2"]
[WhiteElo "1991"]
[BlackElo "2146"]
[PlyCount "47"]
[EventDate "2012.??.??"]
[EventRounds "7"]
[EventCountry "SUI"]
[SourceDate "2012.01.01"]

1. d4 d5 2. c4 e6 3. Nf3 Nf6 4. g3 c6 5. Qc2 Nbd7 6. Bg2 Bd6 7. O-O O-O 8. Nbd2
Re8 9. b3 e5 10. cxd5 cxd5 11. dxe5 Nxe5 12. Bb2 Bg4 13. Bxe5 Bxe5 14. Nxe5
Rxe5 15. e3 Qd7 16. Rac1 Rh5 17. Qc7 Qb5 18. Bf3 g6 19. Qc3 Rf5 20. Bxg4 Nxg4
21. Qd4 Nf6 22. e4 dxe4 23. Nxe4 Nxe4 24. Qxe4 1/2-1/2

[Event "Hilton Open 2012"]
[Site "Basel"]
[Date "2012.01.04"]
[Round "5"]
[White "Ditzler, Juerg"]
[Black "Moser, Guido"]
[Result "1/2-1/2"]
[WhiteElo "2061"]
[BlackElo "1994"]
[PlyCount "32"]
[EventDate "2012.??.??"]
[EventRounds "7"]
[EventCountry "SUI"]
[SourceDate "2012.01.01"]

1. Nf3 Nf6 2. d4 d5 3. c4 c6 4. Nc3 e6 5. e3 a6 6. Bd3 dxc4 7. Bxc4 b5 8. Be2
c5 9. O-O Bb7 10. a4 b4 11. Nb1 Be7 12. Nbd2 O-O 13. Nb3 Nbd7 14. a5 Rc8 15.
dxc5 Nxc5 16. Nbd4 Qd5 1/2-1/2

[Event "Hilton Open 2012"]
[Site "Basel"]
[Date "2012.01.04"]
[Round "6"]
[White "Fier, Alexandr"]
[Black "Pelletier, Yannick"]
[Result "1/2-1/2"]
[WhiteElo "2603"]
[BlackElo "2589"]
[PlyCount "102"]
[EventDate "2012.??.??"]
[EventRounds "7"]
[EventCountry "SUI"]
[SourceDate "2012.01.01"]

1. c4 Nf6 2. Nc3 c5 3. Nf3 e6 4. g3 b6 5. Bg2 Bb7 6. O-O Be7 7. d4 cxd4 8. Qxd4
d6 9. Rd1 a6 10. Be3 Nbd7 11. Qd2 O-O 12. Bf4 Ne8 13. Rac1 Rc8 14. b3 h6 15. g4
Ndf6 16. h3 Ne4 17. Qe3 Nxc3 18. Rxc3 Qc7 19. Rcd3 b5 20. cxb5 axb5 21. Bg3 Qa5
22. h4 b4 23. Bh3 Rc3 24. Rxc3 bxc3 25. Rc1 Nf6 26. Qxc3 Qxa2 27. Rc2 Qb1+ 28.
Rc1 Qe4 29. Qb2 Bd5 30. Rc7 Re8 31. Ra7 Qb4 32. Nd2 Ne4 33. Nxe4 Qxe4 34. f3
Qe3+ 35. Bf2 Qxb3 36. Qxb3 Bxb3 37. f4 d5 38. g5 hxg5 39. hxg5 Bc2 40. Rd7 Be4
41. Bd4 Bb4 42. Bg4 Bg6 43. Kf2 Kf8 44. e3 Rc8 45. Bd1 Bc3 46. Bb6 Rb8 47. Rd8+
Rxd8 48. Bxd8 Ke8 49. Bb6 Kd7 50. Bd4 Bxd4 51. exd4 Kd6 1/2-1/2

[Event "Hilton Open 2012"]
[Site "Basel"]
[Date "2012.01.04"]
[Round "6"]
[White "Filipovic, Branko"]
[Black "Vorobiov, Evgeny E"]
[Result "1/2-1/2"]
[WhiteElo "2374"]
[BlackElo "2589"]
[PlyCount "28"]
[EventDate "2012.??.??"]
[EventRounds "7"]
[EventCountry "SUI"]
[SourceDate "2012.01.01"]

1. e4 c5 2. d3 d5 3. exd5 Qxd5 4. Nc3 Qd8 5. Nf3 Nc6 6. g3 Nf6 7. Bg2 e6 8. O-O
Be7 9. b3 O-O 10. Bb2 Bd7 11. d4 cxd4 12. Nxd4 Nxd4 13. Qxd4 Qc7 14. Ne4 Bc6
1/2-1/2

[Event "Hilton Open 2012"]
[Site "Basel"]
[Date "2012.01.04"]
[Round "6"]
[White "Nikolov, Momchil"]
[Black "Heimann, Andreas"]
[Result "1/2-1/2"]
[WhiteElo "2560"]
[BlackElo "2459"]
[PlyCount "141"]
[EventDate "2012.??.??"]
[EventRounds "7"]
[EventCountry "SUI"]
[SourceDate "2012.01.01"]

1. d4 Nf6 2. c4 g6 3. f3 d5 4. cxd5 Nxd5 5. e4 Nb6 6. Nc3 Bg7 7. Be3 O-O 8. Qd2
Nc6 9. O-O-O f5 10. e5 Nb4 11. Nh3 Be6 12. Kb1 Qd7 13. Nf4 Bc4 14. h4 Bxf1 15.
Rhxf1 Rad8 16. d5 Bxe5 17. Bxb6 axb6 18. Ne6 Qxe6 19. dxe6 Rxd2 20. Rxd2 Kg7
21. Rfd1 Kf6 22. Rd8 Rxd8 23. Rxd8 Kxe6 24. Ne2 Nc6 25. Rf8 Nb4 26. b3 Nd3 27.
Rb8 f4 28. Rxb7 Kd7 29. Rb8 Ne1 30. g3 fxg3 31. f4 Bd6 32. Nxg3 Ng2 33. a4 Nxh4
34. Ne4 Bb4 35. Nf2 Ng2 36. Nd3 Bd6 37. Rh8 Nxf4 38. Nxf4 Bxf4 39. Rxh7 g5 40.
Rg7 Ke6 41. Kc2 Kf6 42. Rg8 Kf7 43. Rh8 Ke6 44. Kd3 Kd5 45. b4 Kc6 46. Rh6+ Kb7
47. Rg6 e5 48. Ke4 Bd2 49. b5 Bf4 50. Rg8 Bc1 51. Kxe5 Bf4+ 52. Ke6 Bc1 53. Kd7
Bf4 54. Rg7 g4 55. Rxg4 Bh2 56. Rg6 Bf4 57. Ke6 Bd6 58. Kf5 Bh2 59. Ke4 Kc8 60.
Rg2 Bd6 61. Rd2 Bg3 62. Rd3 Bh2 63. Rh3 Bd6 64. Rh6 Bg3 65. Rg6 Bh2 66. Kd5 Kb7
67. Rg4 Bd6 68. Ke6 Bc5 69. Rg2 Bb4 70. Rg1 Bd6 71. Rd1 1/2-1/2

[Event "Hilton Open 2012"]
[Site "Basel"]
[Date "2012.01.04"]
[Round "6"]
[White "Prohaszka, Peter"]
[Black "Curien, Nicolas"]
[Result "1-0"]
[WhiteElo "2547"]
[BlackElo "2177"]
[PlyCount "135"]
[EventDate "2012.??.??"]
[EventRounds "7"]
[EventCountry "SUI"]
[SourceDate "2012.01.01"]

1. d4 d5 2. c4 e6 3. g3 c6 4. Bg2 dxc4 5. a4 Nf6 6. Nf3 c5 7. O-O Nc6 8. Ne5
Nxe5 9. dxe5 Qxd1 10. Rxd1 Nd5 11. Na3 Bd7 12. Nxc4 Bc6 13. Bd2 Be7 14. Nd6+
Bxd6 15. exd6 Nb4 16. Bxb4 cxb4 17. e4 e5 18. f4 f6 19. fxe5 fxe5 20. Rac1 O-O
21. a5 a6 22. Rc5 Rad8 23. Bh3 Rfe8 24. Rc4 b3 25. Kf2 Rf8+ 26. Kg1 Bd7 27.
Bxd7 Rxd7 28. Rc3 Rf6 29. Rxb3 Kf7 30. Rb6 Ke6 31. Rf1 h5 32. h4 Rg6 33. Rf3
Rg4 34. Re3 g5 35. hxg5 Rxg5 36. Kh2 Rg4 37. Kh3 Rgg7 38. Rf3 Rg4 39. Re3 Rgg7
40. Rd3 Rg4 41. Rb4 Rgg7 42. Rdb3 Kf6 43. Rb6 Ke6 44. Kh2 Kf6 45. Kg2 Ke6 46.
Kf2 Rgf7+ 47. Rf3 Rg7 48. Rf5 Rxd6 49. Rxh5 Rxb6 50. Rh6+ Kd7 51. Rxb6 Kc7 52.
Kf3 Rg8 53. Re6 Rf8+ 54. Kg4 Rf2 55. Rb6 Rg2 56. Kf5 Rxg3 57. b4 Rg7 58. Kxe5
Rh7 59. Kd5 Rd7+ 60. Ke6 Rh7 61. e5 Kd8 62. Kf6 Ke8 63. e6 Rc7 64. b5 axb5 65.
a6 Rc1 66. axb7 Rf1+ 67. Ke5 Re1+ 68. Kd6 1-0

[Event "Hilton Open 2012"]
[Site "Basel"]
[Date "2012.01.04"]
[Round "6"]
[White "Cebalo, Miso"]
[Black "Cherniaev, Alexander"]
[Result "0-1"]
[WhiteElo "2444"]
[BlackElo "2469"]
[PlyCount "80"]
[EventDate "2012.??.??"]
[EventRounds "7"]
[EventCountry "SUI"]
[SourceDate "2012.01.01"]

1. d4 d6 2. Nf3 Nf6 3. c4 g6 4. Nc3 Bf5 5. Bf4 Bg7 6. h3 Ne4 7. Nxe4 Bxe4 8. e3
c5 9. Ng5 Bf5 10. g4 Bd7 11. Bg2 Nc6 12. Bxc6 bxc6 13. Nf3 cxd4 14. exd4 h5 15.
Rg1 hxg4 16. hxg4 c5 17. Be3 cxd4 18. Bxd4 e5 19. Bc3 Bc6 20. Qe2 Qf6 21. Nd4
Bb7 22. Nb5 O-O-O 23. Nxa7+ Kb8 24. Nb5 d5 25. g5 Qe6 26. cxd5 Rxd5 27. a4 Rhd8
28. Qe3 Qa6 29. Ke2 Bc6 30. Rgd1 Rxd1 31. Rxd1 Rxd1 32. Bxe5+ Bxe5 33. Qxe5+
Kb7 34. Qc7+ Ka8 35. Kxd1 Qxa4+ 36. Kd2 Qxb5 37. Qd8+ Kb7 38. Qe7+ Ka6 39. Qf6
Qd5+ 40. Kc1 Kb5 0-1

[Event "Hilton Open 2012"]
[Site "Basel"]
[Date "2012.01.04"]
[Round "6"]
[White "Skembris, Spyridon"]
[Black "Vorotnikov, Vladislav V"]
[Result "1/2-1/2"]
[WhiteElo "2463"]
[BlackElo "2440"]
[PlyCount "95"]
[EventDate "2012.??.??"]
[EventRounds "7"]
[EventCountry "SUI"]
[SourceDate "2012.01.01"]

1. d4 d6 2. Nf3 f5 3. g3 Nf6 4. Bg2 g6 5. O-O Bg7 6. c4 O-O 7. Nc3 Nc6 8. d5
Ne5 9. Qb3 h6 10. c5 Kh8 11. cxd6 Nxf3+ 12. exf3 exd6 13. f4 Nd7 14. Be3 a5 15.
Rac1 b6 16. Rfd1 Nc5 17. Qc2 Bd7 18. b3 Qf6 19. Ne2 Qb2 20. Nd4 Qxc2 21. Rxc2
Rab8 22. a3 Rfc8 23. Rb1 b5 24. b4 axb4 25. axb4 Na4 26. Rbc1 Rb7 27. Ne6 Bf6
28. h4 Nb2 29. Bd4 Bxd4 30. Nxd4 Nc4 31. Bf1 Rcb8 32. Re1 Re8 33. Rce2 Rbb8 34.
Re7 Nb6 35. Bg2 h5 36. Rxe8+ Rxe8 37. Rc1 Rc8 38. Ra1 Kg7 39. Ra7 Kf6 40. Kf1
Ke7 41. Ke1 Kd8 42. Kd2 Ra8 43. Rxa8+ Nxa8 44. Nb3 Nb6 45. Na5 Nc8 46. Kc3 Ne7
47. Kd4 Ke8 48. Bf3 1/2-1/2

[Event "Hilton Open 2012"]
[Site "Basel"]
[Date "2012.01.04"]
[Round "6"]
[White "Enchev, Ivajlo"]
[Black "Minko, Vladimir"]
[Result "1-0"]
[WhiteElo "2430"]
[BlackElo "2038"]
[PlyCount "95"]
[EventDate "2012.??.??"]
[EventRounds "7"]
[EventCountry "SUI"]
[SourceDate "2012.01.01"]

1. d4 Nf6 2. c4 c5 3. d5 b5 4. cxb5 a6 5. b6 d6 6. Nc3 g6 7. e4 Bg7 8. a4 Qxb6
9. a5 Qb4 10. Ra4 Qb7 11. Qc2 O-O 12. Nf3 e6 13. Bc4 e5 14. O-O Nh5 15. Re1 Qe7
16. b4 Bd7 17. Ra2 cxb4 18. Na4 Bxa4 19. Rxa4 Nd7 20. Rxb4 Nc5 21. Be3 Rfc8 22.
Rb6 Nf4 23. g3 Qd7 24. Rc6 Qg4 25. Nd2 Nh3+ 26. Kg2 Ng5 27. f3 Qh3+ 28. Kg1
Rxc6 29. dxc6 Nge6 30. Nb3 Nd4 31. Nxd4 exd4 32. Bf2 Qc8 33. Bd5 Qc7 34. Qc4
Rb8 35. Bxd4 Bxd4+ 36. Qxd4 Qxa5 37. Ra1 Qc7 38. Rd1 Qe7 39. Bc4 Rd8 40. e5 d5
41. Bxd5 Ne6 42. Qc4 Kg7 43. f4 Nc7 44. Bf3 Rxd1+ 45. Bxd1 Qe6 46. Qxe6 Nxe6
47. Bb3 Nc7 48. Kf2 1-0

[Event "Hilton Open 2012"]
[Site "Basel"]
[Date "2012.01.04"]
[Round "6"]
[White "Lekic, Dusan"]
[Black "Vulevic, Vjekoslav"]
[Result "0-1"]
[WhiteElo "2402"]
[BlackElo "2294"]
[PlyCount "49"]
[EventDate "2012.??.??"]
[EventRounds "7"]
[EventCountry "SUI"]
[SourceDate "2012.01.01"]

1. d4 Nf6 2. c4 c5 3. d5 e6 4. Nc3 exd5 5. cxd5 d6 6. Nf3 g6 7. Nd2 Bg7 8. e4
O-O 9. Be2 Re8 10. O-O a6 11. a4 Nbd7 12. f4 Rb8 13. Kh1 Qc7 14. e5 dxe5 15.
Nc4 b5 16. axb5 axb5 17. fxe5 bxc4 18. exf6 Bxf6 19. d6 Qd8 20. Nd5 Bxb2 21.
Bxb2 Rxb2 22. Bxc4 Qg5 23. Qf3 Ne5 24. Ne7+ Kg7 25. Qd5 0-1

[Event "Hilton Open 2012"]
[Site "Basel"]
[Date "2012.01.04"]
[Round "6"]
[White "Hess, Christian Mathias"]
[Black "Dobosz, Henryk"]
[Result "1/2-1/2"]
[WhiteElo "2256"]
[BlackElo "2396"]
[PlyCount "35"]
[EventDate "2012.??.??"]
[EventRounds "7"]
[EventCountry "SUI"]
[SourceDate "2012.01.01"]

1. Nf3 d5 2. c4 e6 3. g3 c5 4. Bg2 Nf6 5. O-O Nc6 6. cxd5 Nxd5 7. d4 cxd4 8.
Nxd4 Bd7 9. Nb5 Ncb4 10. N5c3 Bc6 11. a3 Nxc3 12. Nxc3 Bxg2 13. Kxg2 Nc6 14.
Be3 Be7 15. Qb3 Qc8 16. Rac1 O-O 17. Ne4 Rd8 18. Qa4 1/2-1/2

[Event "Hilton Open 2012"]
[Site "Basel"]
[Date "2012.01.04"]
[Round "6"]
[White "Toth, Bela"]
[Black "Stankovic, Zeljko"]
[Result "1-0"]
[WhiteElo "2350"]
[BlackElo "2200"]
[PlyCount "117"]
[EventDate "2012.??.??"]
[EventRounds "7"]
[EventCountry "SUI"]
[SourceDate "2012.01.01"]

1. d4 Nf6 2. c4 e6 3. Nf3 b6 4. g3 Ba6 5. Qa4 Bb7 6. Bg2 c5 7. dxc5 bxc5 8. O-O
Be7 9. Rd1 O-O 10. Nc3 d6 11. Bf4 Qb6 12. Rd2 Nc6 13. Qb5 Qc7 14. Rad1 Rfd8 15.
Qa4 a6 16. Ne1 h6 17. Ne4 Nxe4 18. Bxe4 Rab8 19. g4 Nd4 20. Bxb7 Qxb7 21. Qa3
Qe4 22. Qe3 Qg6 23. Qg3 e5 24. Be3 Rb4 25. b3 d5 26. Bxd4 exd4 27. Nd3 Rb7 28.
cxd5 Rxd5 29. Qf3 Qc6 30. Rc2 Qd7 31. Kh1 Rg5 32. Rdc1 Rc7 33. b4 Rxg4 34. Ne5
Qe6 35. Nxg4 h5 36. Ne3 dxe3 37. Qxe3 Qg4 38. bxc5 Bg5 39. Qe8+ Kh7 40. Rc4 Qf5
41. f4 Bxf4 42. Rf1 g5 43. Qe4 Qxe4+ 44. Rxe4 Rxc5 45. e3 Bc7 46. Rxf7+ Kg6 47.
Rf2 g4 48. Kg2 Kg5 49. h3 Rc1 50. hxg4 hxg4 51. Re8 a5 52. Rg8+ Kh4 53. Rc8 g3
54. Re2 a4 55. e4 Rc3 56. e5 Kg4 57. e6 Rc5 58. Rxc7 Rh5 59. Rc4+ 1-0

[Event "Hilton Open 2012"]
[Site "Basel"]
[Date "2012.01.04"]
[Round "6"]
[White "Kelecevic, Nedeljko"]
[Black "Kolbus, Dietmar"]
[Result "1/2-1/2"]
[WhiteElo "2245"]
[BlackElo "2325"]
[PlyCount "37"]
[EventDate "2012.??.??"]
[EventRounds "7"]
[EventCountry "SUI"]
[SourceDate "2012.01.01"]

1. d4 f5 2. g3 Nf6 3. Bg2 e6 4. Nd2 d5 5. Nh3 c5 6. e3 Nc6 7. c3 Bd6 8. f4 O-O
9. Nf2 Ne4 10. Nf3 Qe7 11. O-O Bd7 12. Bd2 Be8 13. Ne5 Bc7 14. Nxe4 dxe4 15.
Nxc6 Bxc6 16. Qe2 Rfd8 17. Rfd1 b5 18. Be1 Bb6 19. g4 1/2-1/2

[Event "Hilton Open 2012"]
[Site "Basel"]
[Date "2012.01.04"]
[Round "6"]
[White "Archangelsky, Mikhail"]
[Black "Lutz, Bernhard"]
[Result "1/2-1/2"]
[WhiteElo "2197"]
[BlackElo "2321"]
[PlyCount "44"]
[EventDate "2012.??.??"]
[EventRounds "7"]
[EventCountry "SUI"]
[SourceDate "2012.01.01"]

1. d4 e6 2. Nf3 Nf6 3. e3 b6 4. Bd3 Bb7 5. O-O Be7 6. b3 O-O 7. Bb2 d5 8. Nbd2
Ne4 9. a3 Nd7 10. Qe2 c5 11. Ba6 Bxa6 12. Qxa6 Nxd2 13. Nxd2 Bf6 14. Rad1 cxd4
15. exd4 Qc7 16. c4 dxc4 17. Nxc4 Qc6 18. Ne3 Qc8 19. Qe2 Qb7 20. d5 exd5 21.
Nxd5 Bxb2 22. Qxb2 Rfe8 1/2-1/2

[Event "Hilton Open 2012"]
[Site "Basel"]
[Date "2012.01.04"]
[Round "6"]
[White "Metz, Hartmut"]
[Black "Garner, David"]
[Result "1/2-1/2"]
[WhiteElo "2319"]
[BlackElo "2165"]
[PlyCount "33"]
[EventDate "2012.??.??"]
[EventRounds "7"]
[EventCountry "SUI"]
[SourceDate "2012.01.01"]

1. e4 c5 2. Nf3 d6 3. d4 cxd4 4. Nxd4 Nf6 5. Nc3 a6 6. Bg5 e6 7. Qd2 Nbd7 8.
O-O-O Qc7 9. f4 Be7 10. g3 O-O 11. h4 b5 12. Bg2 Bb7 13. Bxf6 Bxf6 14. g4 b4
15. Nce2 Nc5 16. Qe3 e5 17. fxe5 1/2-1/2

[Event "Hilton Open 2012"]
[Site "Basel"]
[Date "2012.01.04"]
[Round "6"]
[White "Milliet, Sophie"]
[Black "Seitz, Benjamin"]
[Result "1-0"]
[WhiteElo "2404"]
[BlackElo "2128"]
[PlyCount "61"]
[EventDate "2012.??.??"]
[EventRounds "7"]
[EventCountry "SUI"]
[SourceDate "2012.01.01"]

1. e4 Nc6 2. Nf3 d5 3. exd5 Qxd5 4. Nc3 Qa5 5. Bb5 Bd7 6. Qe2 Nf6 7. O-O e6 8.
d4 a6 9. Bc4 Be7 10. Bf4 O-O 11. Rfd1 Nd5 12. Nxd5 exd5 13. Bb3 Rfe8 14. Qd2
Be6 15. c3 Bf5 16. Re1 Nd8 17. Re5 Be6 18. Rae1 c6 19. Bc2 Bf6 20. Rh5 g6 21.
Be5 Bxe5 22. Rhxe5 f6 23. R5e3 Qc7 24. h4 Qd7 25. h5 g5 26. Bf5 b5 27. Qe2 Kf7
28. Bxh7 Re7 29. Bg6+ Kg7 30. Bf5 Kf7 31. h6 1-0

[Event "Hilton Open 2012"]
[Site "Basel"]
[Date "2012.01.04"]
[Round "6"]
[White "Schmidt Schaeffer, Sebastian"]
[Black "Braeunlin, Klaus"]
[Result "1-0"]
[WhiteElo "2376"]
[BlackElo "2155"]
[PlyCount "73"]
[EventDate "2012.??.??"]
[EventRounds "7"]
[EventCountry "SUI"]
[SourceDate "2012.01.01"]

1. f4 d5 2. Nf3 Nf6 3. e3 g6 4. Be2 Bg7 5. O-O O-O 6. d4 b6 7. a4 c5 8. Nc3 e6
9. Ne5 a6 10. Bd2 Bb7 11. a5 cxd4 12. exd4 b5 13. Na2 Nc6 14. Nxc6 Bxc6 15. Bb4
Re8 16. Nc1 Ne4 17. Nb3 Rc8 18. Bd3 f5 19. c3 Rc7 20. Nc5 Ra7 21. Bc2 h6 22.
Nd3 Kh7 23. Qe2 Bd7 24. Kh1 Bc8 25. Qe3 Rc7 26. Rf3 Qf6 27. Rg1 h5 28. Qe2 Bh6
29. Ne5 Rg8 30. Rgf1 Rcg7 31. Rh3 Bd7 32. Bxe4 fxe4 33. g4 g5 34. fxg5 Qxg5 35.
Rxh5 Qd8 36. Qe3 Rg5 37. Rxh6+ 1-0

[Event "Hilton Open 2012"]
[Site "Basel"]
[Date "2012.01.04"]
[Round "6"]
[White "Xheladini, Mahmut"]
[Black "Wirthensohn, Heinz"]
[Result "1-0"]
[WhiteElo "2278"]
[BlackElo "2352"]
[PlyCount "85"]
[EventDate "2012.??.??"]
[EventRounds "7"]
[EventCountry "SUI"]
[SourceDate "2012.01.01"]

1. e4 c5 2. Nf3 Nc6 3. Nc3 g6 4. Bc4 Bg7 5. O-O e6 6. Re1 Nge7 7. a4 O-O 8. d3
d5 9. Ba2 h6 10. Ne2 b6 11. Ng3 Bb7 12. c3 d4 13. Qc2 Qd7 14. Bf4 e5 15. Bd2
Rac8 16. Red1 Ba6 17. Ne1 Kh7 18. Rac1 Na5 19. cxd4 cxd4 20. Qb1 Qxa4 21. b4
Nb7 22. Bb3 Qd7 23. Qa2 Bb5 24. Qxa7 Rxc1 25. Rxc1 Nc8 26. Qb8 Nbd6 27. Rc7 Qd8
28. f4 Bd7 29. Nf3 Nb5 30. Rb7 Nbd6 31. Rc7 Nb5 32. Rc1 exf4 33. Bxf4 Qe7 34.
Qb7 Nc3 35. Bd5 h5 36. Re1 Kg8 37. Ne2 Nxe2+ 38. Rxe2 Bb5 39. Rc2 Qe8 40. Rc7
Kh8 41. Bxf7 Qd8 42. Bxg6 Rxf4 43. Rxg7 1-0